Top 10 Least Black U.S. States - Statistics

General Stats
  • This quiz has been taken 96 times
  • The average score is 8 of 10
Answer Stats
% State % Correct
1.99 Maine
94%
1.94 Vermont
90%
1.68 Wyoming
89%
1.04 Montana
88%
2.24 New Hampshire
88%
1.10 Idaho
87%
2.67 South Dakota
85%
1.68 Utah
85%
2.88 New Mexico
61%
2.79 Oregon
52%
No matching quizzes found
Score Distribution
Percent of People with Each Score
Percentile by Number Answered
Your Score History
You have not taken this quiz